| 000 | 01314cam a22003135a 4500 | ||
|---|---|---|---|
| 001 | 18544390 | ||
| 005 | 20201128024132.0 | ||
| 008 | 150327t2016 enka frb 001 0 eng d | ||
| 020 | _a9780124114692 | ||
| 040 |
_aMNS _beng _cNLM _erda _dMNS _dYDXCP _dUBC _dSINLB _dOCLCF _dMUM _dCDX _dOCLCO _dOCLCQ _dOCLCO _dS3O _dOCLCQ _dDGU _dOCLCO _dDLC _dEG-ScUE |
||
| 082 | 0 | 4 |
_222 _a155.67 _bHAN |
| 245 | 0 | 0 |
_aHandbook of the psychology of aging / _cedited by K. Warner Schaie and Sherry L. Willis ; associate editors, Bob G. Knight, Becca Levy, and Denise C. Park. |
| 246 | 3 | 0 | _aPsychology of aging |
| 250 | _a8th ed. | ||
| 260 |
_aLondon : _bElsevier Science / Elsevier, _c2016. |
||
| 300 |
_axxiii, 526 p. : _bill. ; _c23 cm. |
||
| 490 | 0 | _aThe handbooks of aging | |
| 504 | _aIncludes bibliographical references and indexes. | ||
| 505 | 0 | _aConcepts, theory, and methods -- Bio-psychosocial factors in aging -- Behavioral processes -- Complex processes. | |
| 650 | 7 |
_aAging _xPsychological aspects. _2BUEsh _9924 |
|
| 651 | _2BUEsh | ||
| 653 |
_bHHUUPPSS _cFebruary2017 |
||
| 700 | 1 |
_aSchaie, K. Warner _q(Klaus Warner), _d1928- _eeditor. |
|
| 700 | 1 |
_aWillis, Sherry L., _d1947- _eeditor. |
|
| 700 | 1 |
_aKnight, Bob G., _d1950- _eeditor. |
|
| 700 | 1 |
_aLevy, Becca, _eeditor. |
|
| 700 | 1 |
_aPark, Denise C., _eeditor. |
|
| 942 | _2ddc | ||
| 999 |
_c24150 _d24122 |
||